| 000 | 00585nam a22001937a 4500 | ||
|---|---|---|---|
| 999 |
_c174872 _d174872 |
||
| 005 | 20200720124531.0 | ||
| 010 | _aB-97666 | ||
| 020 |
_c200.00 _a8182230470 |
||
| 035 | _aB-97666 | ||
| 037 |
_bBPPD/PUB _a- |
||
| 082 | _aن | ||
| 100 | _aپيغا م آ فا قی | ||
| 245 |
_aمکا ن _cپيغا م آ فا قی |
||
| 246 |
_bMakan (Urdu) _aby Pegham Aafaqui |
||
| 260 |
_a N.Delhi _bEducational Publishing House _c2004 ء |
||
| 270 |
_a3108,Vakil Street, Kucha Pandit, Lal Kuan, _bDelhi _e110006 _k- _l- |
||
| 300 |
_a431 ص _c22 Cm(Hb) |
||
| 942 |
_2ddc _cUR _hن _mپ ے غ |
||